| 000 | 02111cam a22004814i 4500 | ||
|---|---|---|---|
| 003 | PE-LiUPU | ||
| 005 | 20250731172939.0 | ||
| 008 | 150623s1996 ne rb 000 0 eng d | ||
| 020 | _a9004106111 | ||
| 035 | _a(Sirsi) i9789004106116 | ||
| 040 |
_aPE-LiUPU _bspa _cPE-LiUPU _erda |
||
| 049 | _aPRUA | ||
| 082 | 0 | 4 |
_a222.5095 _bG18 _221 |
| 100 | 1 |
_aGalil, Gershon, _eautor. |
|
| 245 | 1 | 4 |
_aThe chronology of the Kings of Israel and Judah / _cGershom Galil. |
| 264 | 1 |
_aNetherlands : _bE.J. Brill, _c1996. |
|
| 300 |
_a180 páginas ; _c25 centímetros. |
||
| 336 |
_atext _2rdacontent |
||
| 337 |
_aunmediated _2rdamedia |
||
| 338 |
_avolume _2rdacarrier |
||
| 490 | 0 |
_aStudies in the history and culture of the ancient Near East ; _v9 |
|
| 504 | _aBibliografía al pie de páginas. | ||
| 505 | 0 | _aThe Chronology of the Kings of Israel and Judha from the Schism to the Death of Ahab -- Israel and Judha from the Death of Ahab to the Revolt of Jehu -- Israel and Judha from the Rebellion of Jehu to the Conquesof Samaria -- The last years of the Kingdom of Israel and the Fall Samaria -- The Chronology of the Kings of Judha from Hezekiah to Josiah -- The Chronology of the Last Kings of Judha -- The Chronology data in the Greek Text of the book of Kings. | |
| 526 | _aSEG42 | ||
| 526 | _aSEG41 | ||
| 526 | _aSEG40 | ||
| 526 | _aSEG39 | ||
| 526 | _aP94 | ||
| 526 | _aP87 | ||
| 526 | _aP86 | ||
| 526 | _aP85 | ||
| 526 | _aP77 | ||
| 526 | _aP76 | ||
| 526 | _aP35 | ||
| 630 |
_aBiblia. _pA.T. _pReyes _vCronología. |
||
| 650 | 0 | 4 |
_aJudíos _xHistoria _y953-586 a. C. _vCronología. |
| 942 |
_2ddc _cBOOK |
||
| 949 |
_a222.5095 G18 _wDEWEY _c1 _i44507 _d2016-3-31 _e2016-3-30 _lCCODEBUL1 _mBUL _n2 _r0 _sY _tBOOK _u2015-6-24 _xTEOLOGIA _PP35 _0COMPRA _o.STAFF. Colección General |
||
| 994 |
_aC0 _bPEPRU |
||
| 596 | _a1 | ||
| 999 |
_a222.5095 G18 _wDEWEY _c21388 _i44507 _d21388 _e2018-11-7 _f2021-11-9 _g5 _lCCODEBUL1 _mBUL _n11 _p31.00 _q10 _r0 _sY _tBOOK _u2015-6-24 _xTEOLOGIA _PP35 _0COMPRA _o.STAFF. Colección Teología |
||
| 980 |
_81 _gALBERTO SANCHEZ Responsable de Automatización |
||